Normal view
MARC view
- Lemay, Laura
Entry Personal Name
001 - CONTROL NUMBER
- control field: 4916
003 - CONTROL NUMBER IDENTIFIER
- control field: OSt
005 - DATE AND TIME OF LATEST TRANSACTION
- control field: 20210806102833.0
008 - FIXED-LENGTH DATA ELEMENTS
- fixed length control field: 210806|| aca||aabn | a|a d
040 ## - CATALOGING SOURCE
- Original cataloging agency: OSt
- Transcribing agency: OSt
100 ## - HEADING--PERSONAL NAME
- Personal name: Lemay, Laura
- Personal name: Colburn, Rafe
- Personal name: Kyrnin, Jennifer
670 ## - SOURCE DATA FOUND
- Source citation: Work cat.: (OSt): Lemay, Laura Colburn, Rafe Kyrnin, Jennifer, Mastering HTML, CSS & Javascript web publishing, 2019
